000 00385nam a2200169Ia 4500
001 16818
008 140404s9999 xx 000 0 und d
020 _a0-340-62530-9
040 _cPK-LaUMT
082 _a 515
_bPEA-C
100 _aD. Pearson
245 _aCalculus and ODFs
_cD. Pearson
260 _aLondon,UK:
_bAronld,
_c1996
300 _a227 p.
546 _aEN
942 _cBK
999 _c17261
_d17261